000 002540000a22000970004500
100 1 _aSánchez Cetina, Edesio
245 1 0 _aEl hebreo
300 _aVol.62, núm.284 (enero.febrero, 2007), Páginas 8-12
773 0 _tLa Biblia de las Américas
942 _cANA
999 _c62181
_d62181